<?xml version="1.0" encoding="UTF-8"?>
<record
    xmlns:xsi="http://www.w3.org/2001/XMLSchema-instance"
    xsi:schemaLocation="http://www.loc.gov/MARC21/slim http://www.loc.gov/standards/marcxml/schema/MARC21slim.xsd"
    xmlns="http://www.loc.gov/MARC21/slim">

  <leader>01801nam a22001817a 4500</leader>
  <controlfield tag="005">20151125150205.0</controlfield>
  <controlfield tag="008">151125b        xxu||||| |||| 00| 0 eng d</controlfield>
  <datafield tag="040" ind1=" " ind2=" ">
    <subfield code="a">ANE</subfield>
  </datafield>
  <datafield tag="041" ind1=" " ind2=" ">
    <subfield code="a">Es</subfield>
  </datafield>
  <datafield tag="082" ind1=" " ind2=" ">
    <subfield code="a">TV-1678</subfield>
  </datafield>
  <datafield tag="100" ind1=" " ind2=" ">
    <subfield code="a">Ocles, Alexandra</subfield>
    <subfield code="e"> asamble&#xED;sta por Alianza Pa&#xED;s</subfield>
  </datafield>
  <datafield tag="245" ind1=" " ind2=" ">
    <subfield code="a">Alexandra Ocles: tienen todo el derecho a movilizarse pero los argumentos no tienen asidero </subfield>
  </datafield>
  <datafield tag="260" ind1=" " ind2=" ">
    <subfield code="a">Quito</subfield>
    <subfield code="b">RTU</subfield>
    <subfield code="c">2015-11-25</subfield>
  </datafield>
  <datafield tag="300" ind1=" " ind2=" ">
    <subfield code="a">p.</subfield>
  </datafield>
  <datafield tag="520" ind1=" " ind2=" ">
    <subfield code="a">Alexandra Ocles, asamble&#xED;sta por Alianza Pa&#xED;s, dio su visi&#xF3;n sobre las enmiendas constitucionales y las movilizaciones que se levantar&#xE1;n en contra del proyecto. Ocles mostr&#xF3; respeto por las movilizaciones, de las cuales expres&#xF3; que &#x201C;tienen todo el derecho&#x201D;. No obstante reiter&#xF3; que el tratamiento de las enmiendas en la Asamblea es &#x201C;legal y leg&#xED;timo&#x201D;. Descart&#xF3; que la intenci&#xF3;n de las enmiendes gire a la conveniencia de Alianza Pa&#xED;s y defendi&#xF3; los cambios propuestos con el fin de &#x201C;ampliar derechos&#x201D;. &#x201C;Ninguna Constituci&#xF3;n es perfecta, no est&#xE1; escrita en piedra (&#x2026;) no estamos cambiando la estructura, estamos aumentando derechos y por tanto el proceso de enmiendas es legal y leg&#xED;timo&#x201D;, sentenci&#xF3;. Ocles tambi&#xE9;n dio detalles de la reforma a la Ley de Registro Civil, que se trata en la Comisi&#xF3;n de Gobiernos Aut&#xF3;nomos. El proyecto consistir&#xED;a en el retiro de algunos campos como la instrucci&#xF3;n educativa, estado civil, entre otras reformas. (Ecuador en Vivo)


</subfield>
  </datafield>
  <datafield tag="650" ind1=" " ind2=" ">
    <subfield code="a">enmiendas/Asamblea Nacional/Alianza Pa&#xED;s/Comisi&#xF3;n Ocasional Enmiendas Constitucionales/Gobierno Nacional/ movilizaciones anunciadas/oposici&#xF3;n/enmiendas legal y leg&#xED;timo/reforma a la Ley de Registro Civil/Comisi&#xF3;n de Gobiernos Aut&#xF3;nomos/cambios campos/instrucci&#xF3;n educativa/estado civil/otros/</subfield>
  </datafield>
  <datafield tag="942" ind1=" " ind2=" ">
    <subfield code="2">ddc</subfield>
    <subfield code="c">VM</subfield>
    <subfield code="z">IES.</subfield>
  </datafield>
  <datafield tag="999" ind1=" " ind2=" ">
    <subfield code="c">31965</subfield>
    <subfield code="d">31965</subfield>
  </datafield>
  <datafield tag="952" ind1=" " ind2=" ">
    <subfield code="0">0</subfield>
    <subfield code="1">0</subfield>
    <subfield code="2">ddc</subfield>
    <subfield code="4">0</subfield>
    <subfield code="7">0</subfield>
    <subfield code="a">AN01</subfield>
    <subfield code="b">AN01</subfield>
    <subfield code="d">2015-11-25</subfield>
    <subfield code="o">TV-1678</subfield>
    <subfield code="p">TV-1678</subfield>
    <subfield code="r">2015-11-25</subfield>
    <subfield code="w">2015-11-25</subfield>
    <subfield code="y">VM</subfield>
  </datafield>
</record>
